书目信息 |
| 题名: |
管弦乐队乐器法
|
|
| 作者: | 施詠康 著 | |
| 分册: | ||
| 出版信息: | 北京 人民音乐出版社 1987 |
|
| 页数: | 269页 | |
| 开本: | 26cm | |
| 丛书名: | 作曲技术理论丛书 | |
| 单 册: | ||
| 中图分类: | J614.4 | |
| 科图分类: | ||
| 主题词: | 管弦乐队--管弦乐法 , 管弦乐队 , 管弦乐法 | |
| 电子资源: | ||
| ISBN: | 7-103-00514-1 | |
| 000 | 00840oam2 2200265 450 | |
| 001 | 0100070067 | |
| 005 | 20070807084152.59 | |
| 010 | @a7-103-00514-1@dCNY23.80 | |
| 100 | @a20041212e20031987em y0chiy0110 ea | |
| 101 | 0 | @achi |
| 102 | @aCN@b110000 | |
| 105 | @aag z 000yy | |
| 200 | 1 | @a管弦乐队乐器法@9guan xian yue dui yue qi fa@f施詠康编著 |
| 210 | @a北京@c人民音乐出版社@d1987@h2006 | |
| 215 | @a269页@c图@d26cm | |
| 225 | 2 | @a作曲技术理论丛书 |
| 330 | @a本书内容包括:弓弦乐器与弓弦乐器组、木管乐器与木管乐器组、铜管乐器与铜管乐器组、装饰性色彩乐器与打击乐器以及附录几大部分。 | |
| 461 | 0 | @12001 @a作曲技术理论丛书 |
| 606 | 0 | @a管弦乐队@x管弦乐法 |
| 606 | 0 | @a管弦乐队 |
| 606 | 0 | @a管弦乐法 |
| 690 | @aJ614.4@v4 | |
| 701 | 0 | @a施詠康@9shi yong kang@4著 |
| 801 | 0 | @aCN@bRENTIAN@c20070807 |
| 905 | @a10447@dJ614.4@e552 | |
| 管弦乐队乐器法/施詠康编著.-北京:人民音乐出版社,1987(2006) |
| 269页:图;26cm.-(作曲技术理论丛书) |
| ISBN 7-103-00514-1:CNY23.80 |
| 本书内容包括:弓弦乐器与弓弦乐器组、木管乐器与木管乐器组、铜管乐器与铜管乐器组、装饰性色彩乐器与打击乐器以及附录几大部分。 |
| ● |
| 相关链接 |
|
|
|
|
正题名:管弦乐队乐器法
索取号:J614.4/552
 
预约/预借
| 序号 | 登录号 | 条形码 | 馆藏地/架位号 | 状态 | 备注 |
| 1 | 0802248 | 208022487 | 第一样本阅览室/ [索取号:J614.4/552] | 在馆 | |
| 2 | 0802249 | 208022496 | 第一借阅区/ [索取号:J614.4/552] | 在馆 | |
| 3 | 0802250 | 208022502 | 第一借阅区/ [索取号:J614.4/552] | 在馆 | |
| 4 | 0802251 | 208022511 | 第一借阅区/ [索取号:J614.4/552] | 在馆 | |
| 5 | 0802252 | 208022520 | 音乐系资料室/ [索取号:J614.4/552] | 在馆 |